Učitavanje...

ആന ഉണ്ടായിരുന്ന വീട്

Bibliografski detalji
Glavni autor: ചന്ദ്രശേഖരൻ എം.ആർ
Daljnji autori: Chandrasekharan, M R
Format: Printed Book
Izdano: Kannur: Samayam Pub, 2012.
Teme:
LEADER 00616nam a22001577a 4500
999 |c 55025  |d 55025 
082 |a 894.8123  |b CHA-A 
100 |a ചന്ദ്രശേഖരൻ എം.ആർ  
245 |a  ആന ഉണ്ടായിരുന്ന വീട്  
260 |a Kannur:  |b Samayam Pub,  |c 2012. 
300 |a 111p. 
650 |a Malayalam literature-fiction 
650 |a Aana undayirunna veedu 
700 |a Chandrasekharan, M R 
942 |c BK 
952 |0 0  |1 0  |4 0  |6 894_812300000000000_CHAA  |7 0  |9 69289  |a KU  |b KU  |c GEN  |d 2019-07-06  |e PICO.A2/5736/2013 dtd 02/05/2018  |g 80.00  |l 0  |o 894.8123 CHA-A  |p CL03605  |r 2019-07-06  |w 2019-07-06  |y BK